| 000 | 00596nam a22002177a 4500 | ||
|---|---|---|---|
| 003 | KOHA_MİRAKIL | ||
| 005 | 20260330111802.0 | ||
| 008 | 260330b tu ||||| |||| 00| 0 tur d | ||
| 020 | _a9786054182091 | ||
| 040 |
_aTR-AnABB _btur _cTR-AnABB |
||
| 041 | _atur | ||
| 082 |
_a813.42 _bERT 2009 |
||
| 100 | 1 | _aErtan, Birol | |
| 245 | 1 | 0 |
_aAgarta illuminati savaşı / _cBirol Ertan |
| 246 | _aÜç dünya | ||
| 260 |
_aİstanbul : _bŞira Yayınları, _c2009 |
||
| 300 |
_a141 sayfa ; _c20 cm |
||
| 500 | _aYazar imzalı | ||
| 650 | 0 | 4 | _aTürk edebiyatı, roman |
| 942 |
_2ddc _cBK |
||
| 999 |
_c10080 _d10080 |
||
| 900 | _bCan ÇELIK | ||